<?xml version="1.0" encoding="UTF-8"?>
<record
    xmlns:xsi="http://www.w3.org/2001/XMLSchema-instance"
    xsi:schemaLocation="http://www.loc.gov/MARC21/slim http://www.loc.gov/standards/marcxml/schema/MARC21slim.xsd"
    xmlns="http://www.loc.gov/MARC21/slim">

  <leader>00362nam a22001457a 4500</leader>
  <controlfield tag="003">OSt</controlfield>
  <controlfield tag="008">200714b           ||||| |||| 00| 0 eng d</controlfield>
  <datafield tag="100" ind1=" " ind2=" ">
    <subfield code="a">Goldberg , Stephen</subfield>
  </datafield>
  <datafield tag="245" ind1=" " ind2=" ">
    <subfield code="a">Clinical Biochemistry</subfield>
  </datafield>
  <datafield tag="250" ind1=" " ind2=" ">
    <subfield code="a">3rd,2010</subfield>
  </datafield>
  <datafield tag="260" ind1=" " ind2=" ">
    <subfield code="a">New Delhi</subfield>
    <subfield code="b">Med Tech</subfield>
  </datafield>
  <datafield tag="300" ind1=" " ind2=" ">
    <subfield code="a">97</subfield>
  </datafield>
  <datafield tag="650" ind1=" " ind2=" ">
    <subfield code="a">Applied Biochemistry and clinical chemistry</subfield>
  </datafield>
  <datafield tag="942" ind1=" " ind2=" ">
    <subfield code="2">ddc</subfield>
    <subfield code="c">BK</subfield>
    <subfield code="0">3</subfield>
  </datafield>
  <datafield tag="999" ind1=" " ind2=" ">
    <subfield code="c">8940</subfield>
    <subfield code="d">8940</subfield>
  </datafield>
  <datafield tag="952" ind1=" " ind2=" ">
    <subfield code="0">0</subfield>
    <subfield code="1">0</subfield>
    <subfield code="2">ddc</subfield>
    <subfield code="4">0</subfield>
    <subfield code="7">0</subfield>
    <subfield code="8">BP</subfield>
    <subfield code="a">PIET</subfield>
    <subfield code="b">PIET</subfield>
    <subfield code="d">2020-02-11</subfield>
    <subfield code="e">Kirti Prakashan</subfield>
    <subfield code="f">Rupees</subfield>
    <subfield code="g">295.00</subfield>
    <subfield code="k">IN6378</subfield>
    <subfield code="l">1</subfield>
    <subfield code="o">572 GOC</subfield>
    <subfield code="p">BP1278</subfield>
    <subfield code="r">2021-08-18 00:00:00</subfield>
    <subfield code="s">2021-08-13</subfield>
    <subfield code="v">206.50</subfield>
    <subfield code="w">2020-02-11</subfield>
    <subfield code="y">REF</subfield>
  </datafield>
  <datafield tag="952" ind1=" " ind2=" ">
    <subfield code="0">0</subfield>
    <subfield code="1">0</subfield>
    <subfield code="2">ddc</subfield>
    <subfield code="4">0</subfield>
    <subfield code="7">0</subfield>
    <subfield code="8">BP</subfield>
    <subfield code="a">PIET</subfield>
    <subfield code="b">PIET</subfield>
    <subfield code="d">2020-02-11</subfield>
    <subfield code="e">Kirti Prakashan</subfield>
    <subfield code="f">Rupees</subfield>
    <subfield code="g">295.00</subfield>
    <subfield code="k">IN6378</subfield>
    <subfield code="l">1</subfield>
    <subfield code="o">572 GOC</subfield>
    <subfield code="p">BP1279</subfield>
    <subfield code="r">2021-08-18 00:00:00</subfield>
    <subfield code="s">2021-08-13</subfield>
    <subfield code="v">206.50</subfield>
    <subfield code="w">2020-02-11</subfield>
    <subfield code="y">BK</subfield>
  </datafield>
  <datafield tag="952" ind1=" " ind2=" ">
    <subfield code="0">0</subfield>
    <subfield code="1">0</subfield>
    <subfield code="2">ddc</subfield>
    <subfield code="4">0</subfield>
    <subfield code="7">0</subfield>
    <subfield code="8">BP</subfield>
    <subfield code="a">PIET</subfield>
    <subfield code="b">PIET</subfield>
    <subfield code="d">2020-02-17</subfield>
    <subfield code="e">Kirti Prakashan</subfield>
    <subfield code="f">Rupees</subfield>
    <subfield code="g">295.00</subfield>
    <subfield code="k">IN6450</subfield>
    <subfield code="l">1</subfield>
    <subfield code="o">572 GOC</subfield>
    <subfield code="p">BP1448</subfield>
    <subfield code="r">2021-08-18 00:00:00</subfield>
    <subfield code="s">2021-08-13</subfield>
    <subfield code="v">206.50</subfield>
    <subfield code="w">2020-02-17</subfield>
    <subfield code="y">BK</subfield>
  </datafield>
</record>
